000 00747nam a2200241Ia 4500
003 OSt
005 20221006165154.0
006 a|||||r|||| 00| 0
007 ta
008 221006b |||||||| |||| 00| 0 hin d
024 _a7,236
037 _cTheseses
040 _aFML
_cFML
_bhin
041 _2hin
_ahin
100 _aKaushal Priyanka Au.
_9679251
110 _aUniversity of Delhi. Faculty of Music and Fine Arts. Department of Music
_9520437
245 0 _aSandhi Prakash Rago Ka Saiddhantik Evam Prayogik Aadhyayan
260 _c2001
300 _a225
_ccm.
700 _aUniversity of Delhi. Faculty of Music and Fine Arts. Department of Music
_9520438
942 _cDIS
_2CC
999 _c1119865
_d1119865